000 01380nam a2200325 a 4500
999 _c391741
_d391741
003 BLK
005 20250730111617.0
008 201124b bu |||||r|||| 00| | bu d
020 _a9789543992973
040 _aBLK
041 _aBUL
_cBUL
080 _aАмериканска литература (на САЩ)
_b821.111(73)
_x-31
_z821.111(73)-31
100 _9241653
_aДеверо, Джуд
_eпърви автор
139 _aДеверо, Джуд
_bД 32
245 _aНежна песен
_cДжуд Деверо ; прев. Ваня Пенева.
257 _aUSA
260 _9219405
_aСофия
_bСББ Медиа
_c2019
_fСофия : Ропринт
_dСанома Блясък България
_n978-954-399-
300 _c20 см
_a231 с.
380 _aX
490 _9203324
_aИсторически любовни романи
_gСББ медиа
_v12
500 _aОриг. загл.: Velvet song / Jude Deveraux. - Кн. се разпространява с изд. на СББ Медиа
700 _aПенева, Ваня Илиева
_d1957-
_gПреводач от немски, английски и руски език.
_9363755
852 _aЦб 305759
_bЦб
852 _bП
_c821-31/ Д 32 Д
856 _i0.00
_ldisable
942 _cKNG
_n0
_s1
_010
944 _aCR
_k30531
_lЦветелина Шанова
944 _aED
_kир
_c2023-03-28
999 _d391741